Creating world class higher education institutions through ranking, rating and research (Record no. 509799)

000 -LEADER
fixed length control field 00385nam a2200133 4500
008 - FIXED-LENGTH DATA ELEMENTS--GENERAL INFORMATION
fixed length control field 190607b ||||| |||| 00| 0 eng d
100 ## - MAIN ENTRY--PERSONAL NAME
Personal name Singh, Naresh
245 ## - TITLE STATEMENT
Title Creating world class higher education institutions through ranking, rating and research
260 ## - PUBLICATION, DISTRIBUTION, ETC. (IMPRINT)
Date of publication, distribution, etc 2019
300 ## - PHYSICAL DESCRIPTION
Extent p.69-74.
773 ## - HOST ITEM ENTRY
Main entry heading University News
906 ## - LOCAL DATA ELEMENT F, LDF (RLIN)
Subject DIP Higher education
942 ## - ADDED ENTRY ELEMENTS (KOHA)
Source of classification or shelving scheme
Item type Articles
Holdings
Withdrawn status Lost status Source of classification or shelving scheme Damaged status Not for loan Permanent location Current location Date acquired Serial Enumeration / chronology Barcode Date last seen Koha item type
          Indian Institute of Public Administration Indian Institute of Public Administration 2019-06-07 57(1), 7 Jan, 2019: p.69-74. AR119867 2019-06-07 Articles

Powered by Koha